|
|
|
|
| LEADER |
00990nam a2200253 a 4500 |
| 001 |
GR-Antirio1013 |
| 008 |
140619s2005 xxu g b 001 0 eng d |
| 020 |
|
|
|a 1580539459
|
| 040 |
|
|
|a GrPaTEI
|b gre
|c GR-PaULI
|
| 040 |
|
|
|a GrPaTEI
|b gre
|c GR-PaULI
|
| 082 |
|
0 |
|a 681.2
|2 22
|
| 100 |
1 |
|
|a Nawrocki, Waldeman
|
| 245 |
1 |
0 |
|a Measurement systems and sensors /
|c Waldemar Nawrocki.
|
| 260 |
|
|
|a Boston :
|b Artech House,
|c 2005
|
| 300 |
|
|
|a xi, 325 σ. :
|b εικ.
|
| 504 |
|
|
|a Περιλαμβάνει βιβλιογραφίες και ευρετήριο.
|
| 650 |
|
0 |
|a Detectors
|
| 650 |
|
0 |
|a Electronic instruments, Digital
|
| 650 |
|
0 |
|a Measuring instruments
|
| 710 |
0 |
|
|a Artech House
|
| 942 |
|
|
|2 ddc
|
| 952 |
|
|
|0 0
|1 0
|2 ddc
|4 0
|6 681_200000000000000_NAW
|7 0
|9 262712
|a LISK-2
|b LISK-2
|c BSC
|d 2021-01-17
|e 24
|f 0
|g 0.00
|l 0
|o 681.2 NAW
|p 2430000007554
|r 2021-01-17 00:00:00
|t 1
|w 2021-01-17
|y BK15
|x 20140619 0 ΧΑΣΑΝΗ 1
|x GrPaTEI - Antirrio
|
| 971 |
|
|
|a .b25708120
|b 15-04-20
|c 12-09-16
|
| 999 |
|
|
|c 151369
|d 151369
|